| 000 | 00345 a2200145 4500 | ||
|---|---|---|---|
| 005 | 20250415105122.0 | ||
| 082 | _a657.2 SCO | ||
| 100 | _aSCOULAR, T. D. | ||
| 245 | _aPractical Bookkeeping Course | ||
| 250 | _a6th. | ||
| 260 |
_aLondon, _bCassell, _c1966. |
||
| 300 |
_a175p.: ill.; table. _c19cm. |
||
| 700 | _aPEPPER, L. G. | ||
| 942 |
_2ddc _cBKS |
||
| 999 |
_c1445 _d1445 |
||